000
00264nam a2200109 4500
082
0
_a
371.3
245
1
1
_a
Teacher's guide for the sight word story books and the primer
250
_a
Trial Edition
260
_a
Khartoum
_c
c.2001
300
_a
31 p.
942
_2
ddc
_c
BK
999
_c
64502
_d
64476